| 000 | 00876nam a2200169 a 4500 | ||
|---|---|---|---|
| 008 | 120416s0000 ||||||||||||||||| || u | ||
| 020 | _a0070602328 | ||
| 050 | _aQA 871 Spi | ||
| 100 | _aSpiegel, Murray R | ||
| 245 | 1 | 0 | _aSchaum's outline of theory and problems of theoretical mechanics, with an introduction to hagranges |
| 260 |
_aNew York _bMcGraw-Hill _c1990 |
||
| 300 | _a[4], 368p. : ill. | ||
| 350 | _a0.00 | ||
| 995 |
_aBINDERY (DAMAGED) _D0.00 _e724807 _FCBU-MAIN LIBRARY (Kitwe) _H1 _I9.95 _jQA 871 Spi _M3 _UDAMAGED _y012714 _ZMain Library Open Access Collection |
||
| 995 |
_aBINDERY (DAMAGED) _D0.00 _e724809 _FCBU-MAIN LIBRARY (Kitwe) _H3 _I9.95 _jQA 871 Spi _M1 _UDAMAGED _y012712 _ZMain Library Open Access Collection |
||
| 995 |
_aMAIN LIBRARY OPEN ACCESS _D0.00 _e724808 _FCBU-MAIN LIBRARY (Kitwe) _H2 _I9.95 _jQA 871 Spi _M2 _UAVAILABLE _y012713 _ZMain Library Open Access Collection |
||
| 999 |
_c80337 _d80337 |
||